Các phương pháp chẩn đoán và điều trị bệnh sỏi tiết niệu

Nội dung tài liệu cung cấp cho bạn đọc những kiến thức kinh điển và cập nhật kiến thức mới về bệnh sỏi tiết niệu từ những yếu tố nguy cơ, chẩn đoán, điều trị hiện đại nhất hiện nay....

Πλήρης περιγραφή

Αποθηκεύτηκε σε:
Λεπτομέρειες βιβλιογραφικής εγγραφής
Κύριος συγγραφέας: Trần Văn Hinh (Chủ biên)
Μορφή: Βιβλίο
Γλώσσα:Vietnamese
Έκδοση: H. Y học 2013
Θέματα:
Ετικέτες: Προσθήκη ετικέτας
Δεν υπάρχουν, Καταχωρήστε ετικέτα πρώτοι!
Thư viện lưu trữ: Thư viện Trường Đại học Nam Cần Thơ
LEADER 01685nam a22002417a 4500
001 NCT_31346
008 180419b xxu||||| |||| 00| 0 vie d
999 |c 1508  |d 1508 
020 |c 165000 
082 0 4 |2 23rd ed.  |a 616.622  |b H312 
100 1 |a Trần Văn Hinh  |e Chủ biên 
245 1 0 |a Các phương pháp chẩn đoán và điều trị bệnh sỏi tiết niệu  |c Trần Văn Hinh (chủ biên) 
260 |a H.  |b Y học  |c 2013 
300 |a 407tr.  |b minh họa  |c 27cm 
520 3 |a Nội dung tài liệu cung cấp cho bạn đọc những kiến thức kinh điển và cập nhật kiến thức mới về bệnh sỏi tiết niệu từ những yếu tố nguy cơ, chẩn đoán, điều trị hiện đại nhất hiện nay. 
653 |a Y đa khoa 
942 |2 ddc  |c BK 
952 |0 0  |1 0  |2 ddc  |4 0  |6 616_622000000000000_H312  |7 0  |9 7264  |a 000001  |b 000001  |d 2018-04-19  |o 616.622 H312  |p MD.10957  |r 2018-04-19  |v 165000.00  |w 2018-04-19  |y BK 
952 |0 0  |1 0  |2 ddc  |4 0  |6 616_622000000000000_H312  |7 0  |9 7265  |a 000001  |b 000001  |d 2018-04-19  |o 616.622 H312  |p MD.10958  |r 2018-04-19  |v 165000.00  |w 2018-04-19  |y BK 
952 |0 0  |1 0  |2 ddc  |4 0  |6 616_622000000000000_H312  |7 0  |9 7266  |a 000001  |b 000001  |d 2018-04-19  |o 616.622 H312  |p MD.10960  |r 2018-04-19  |v 165000.00  |w 2018-04-19  |y BK 
952 |0 0  |1 0  |2 ddc  |4 0  |6 616_622000000000000_H312  |7 0  |9 7267  |a 000001  |b 000001  |d 2018-04-19  |o 616.622 H312  |p MD.11739  |r 2018-04-19  |v 165000.00  |w 2018-04-19  |y BK 
952 |0 0  |1 0  |2 ddc  |4 0  |6 616_622000000000000_H312  |7 0  |9 7268  |a 000001  |b 000001  |d 2018-04-19  |o 616.622 H312  |p MD.11740  |r 2018-04-19  |v 165000.00  |w 2018-04-19  |y BK 
980 |a Thư viện Trường Đại học Nam Cần Thơ